|
|
|
|
| LEADER |
03706nam a2200577 4500 |
| 001 |
978-3-319-66718-8 |
| 003 |
DE-He213 |
| 005 |
20191021181543.0 |
| 007 |
cr nn 008mamaa |
| 008 |
170919s2018 gw | s |||| 0|eng d |
| 020 |
|
|
|a 9783319667188
|9 978-3-319-66718-8
|
| 024 |
7 |
|
|a 10.1007/978-3-319-66718-8
|2 doi
|
| 040 |
|
|
|d GrThAP
|
| 050 |
|
4 |
|a NA2542.36
|
| 072 |
|
7 |
|a AMCR
|2 bicssc
|
| 072 |
|
7 |
|a ARC018000
|2 bisacsh
|
| 072 |
|
7 |
|a AMCR
|2 thema
|
| 082 |
0 |
4 |
|a 720.47
|2 23
|
| 100 |
1 |
|
|a Attia, Shady.
|e author.
|4 aut
|4 http://id.loc.gov/vocabulary/relators/aut
|
| 245 |
1 |
0 |
|a Regenerative and Positive Impact Architecture
|h [electronic resource] :
|b Learning from Case Studies /
|c by Shady Attia.
|
| 250 |
|
|
|a 1st ed. 2018.
|
| 264 |
|
1 |
|a Cham :
|b Springer International Publishing :
|b Imprint: Springer,
|c 2018.
|
| 300 |
|
|
|a XIX, 94 p. 29 illus., 26 illus. in color.
|b online resource.
|
| 336 |
|
|
|a text
|b txt
|2 rdacontent
|
| 337 |
|
|
|a computer
|b c
|2 rdamedia
|
| 338 |
|
|
|a online resource
|b cr
|2 rdacarrier
|
| 347 |
|
|
|a text file
|b PDF
|2 rda
|
| 490 |
1 |
|
|a SpringerBriefs in Energy,
|x 2191-5520
|
| 505 |
0 |
|
|a 1.Introduction -- 2.Modern History of Sustainable Architecture -- 3.Definitions and Paradigm Shift -- 4.Indicators and Metrics of Regenerative Design -- 5.Case Study 1 (energy efficiency paradigm) -- 6.Case Study 2 (regenerative paradigm) -- 7.Performance Comparison and Quantification -- 8.Regenerative and Positive Impact Architecture Roadmap.
|
| 520 |
|
|
|a This book is a guide to energy efficiency and environmental impact assessment in high-performance buildings projects. It compares four state-of-the-art buildings to examine the steps needed for a transition from negative impact reduction architecture to positive impact regenerative architecture, utilizing life cycle analysis. The book provides a solid grounding in the areas of energy-efficient building and building materials life-cycle assessment, discussing carbon efficiency within a wider context that includes its technical, socio-cultural and environmental dimensions and covers the key areas for green buildings performance (operational and embodied energy). The analysis and comparison of four case studies of state-of-art modern building projects in Europe and North America serve as inspiring examples for architects and building professionals in the fields of high performance buildings, ecological materials and carbon efficiency.
|
| 650 |
|
0 |
|a Sustainable architecture.
|
| 650 |
|
0 |
|a Buildings-Design and construction.
|
| 650 |
|
0 |
|a Building.
|
| 650 |
|
0 |
|a Construction.
|
| 650 |
|
0 |
|a Engineering, Architectural.
|
| 650 |
|
0 |
|a Economic development-Environmental aspects.
|
| 650 |
|
0 |
|a Building construction.
|
| 650 |
|
0 |
|a Climate change.
|
| 650 |
1 |
4 |
|a Sustainable Architecture/Green Buildings.
|0 http://scigraph.springernature.com/things/product-market-codes/122000
|
| 650 |
2 |
4 |
|a Building Construction and Design.
|0 http://scigraph.springernature.com/things/product-market-codes/T23012
|
| 650 |
2 |
4 |
|a Development and Sustainability.
|0 http://scigraph.springernature.com/things/product-market-codes/913110
|
| 650 |
2 |
4 |
|a Building Physics, HVAC.
|0 http://scigraph.springernature.com/things/product-market-codes/T23080
|
| 650 |
2 |
4 |
|a Climate Change Management and Policy.
|0 http://scigraph.springernature.com/things/product-market-codes/314000
|
| 710 |
2 |
|
|a SpringerLink (Online service)
|
| 773 |
0 |
|
|t Springer eBooks
|
| 776 |
0 |
8 |
|i Printed edition:
|z 9783319667171
|
| 776 |
0 |
8 |
|i Printed edition:
|z 9783319667195
|
| 830 |
|
0 |
|a SpringerBriefs in Energy,
|x 2191-5520
|
| 856 |
4 |
0 |
|u https://doi.org/10.1007/978-3-319-66718-8
|z Full Text via HEAL-Link
|
| 912 |
|
|
|a ZDB-2-ENE
|
| 950 |
|
|
|a Energy (Springer-40367)
|